Name Ladders Quiz Stats

 Plays Quiz Updated Nov 12, 2018

Challenge
Share
Tweet
Embed
Score 0/40 Timer 05:00
0 Plays Today
None First and/or Last Name % Correct
Name Ladder #5John
92.9%
Name Ladder #1Steve
92.2%
Name Ladder #3George
90.6%
Name Ladder #5Arnold
90.2%
Name Ladder #6David
88%
Name Ladder #5Tommy
86.7%
Name Ladder #2Thomas
84.9%
Name Ladder #2Anne
84.1%
Name Ladder #3Adams
81.7%
Name Ladder #2Frank
81.6%
Name Ladder #1Lawrence
79.6%
Name Ladder #3Michael
79.6%
Name Ladder #6Larry
78.2%
Name Ladder #1Martin
78.2%
Name Ladder #7Clark
76.2%
Name Ladder #1Taylor
73.1%
Name Ladder #7Cain
68.8%
Name Ladder #4Patrick
68.5%
Name Ladder #2Davis
58.4%
Name Ladder #3Scott
56.4%
None First and/or Last Name % Correct
Name Ladder #3Eddie
52.3%
Name Ladder #7Dick
50.9%
Name Ladder #6Urban
49.4%
Name Ladder #6Keith
48.5%
Name Ladder #2Jefferson
47.7%
Name Ladder #4Harris
47.3%
Name Ladder #7Howard
44.3%
Name Ladder #4Franco
42.3%
Name Ladder #4James
37.6%
Name Ladder #8Hugh
35.6%
Name Ladder #4Henry
34.6%
Name Ladder #8Manning
33.4%
Name Ladder #8Cooper
31.2%
Name Ladder #5Wayne
26.4%
Name Ladder #8Anderson
25.4%
Name Ladder #8Laurie
24.8%
Name Ladder #6Meyer
22.2%
Name Ladder #7Dean
16.3%
Name Ladder #5Palmer
13.1%
Name Ladder #1Dayne
4%

You're not logged in!

Compare scores with friends on all Sporcle quizzes.
OR
Log In

You Might Also Like...

Show Comments

Extras

Top Quizzes Today


Score Distribution

Your Account Isn't Verified!

In order to create a playlist on Sporcle, you need to verify the email address you used during registration. Go to your Sporcle Settings to finish the process.

Report this User

Report this user for behavior that violates our Community Guidelines.

Details: